| 000 | 01104cam a22003614a 4500 | ||
|---|---|---|---|
| 001 | 5668 | ||
| 003 | FISKH | ||
| 005 | 20250110104558.0 | ||
| 008 | 060222s2006 nyua j 001 0 eng | ||
| 010 | _a 2006006440 | ||
| 020 | _a0756619610 | ||
| 020 | _a9780756619619 | ||
| 020 | _a0756619629 (hardcover) | ||
| 035 | _a(OCoLC)ocm64390533 | ||
| 040 |
_aDLC _cDLC _dDLC _beng |
||
| 050 | _aQL759.S65 | ||
| 082 | _a591.47 | ||
| 100 | 1 | _aSmith, Penny. | |
| 245 | 1 | 0 |
_aAnimal hide and seek / _cwritten by Penny Smith. |
| 260 |
_aNew York : _bDK Publishing, _c2006. |
||
| 300 |
_a32 pages : _bcolor illustrations ; _c23 cm |
||
| 490 | 1 | _aDK readers, level 1, beginning to read | |
| 500 | _aIncludes index. | ||
| 504 | _aIncludes bibliographical references and index. | ||
| 505 | _aG | ||
| 520 | _aDescribes the ways animals keep themselves safe and hidden. | ||
| 521 | 8 |
_a370
_bLexile estimate |
|
| 521 | 8 |
_aG
_bRaz-Plus |
|
| 650 | 0 |
_aCamouflage (Biology) _vJuvenile literature. |
|
| 906 |
_a7 _bcbc _corignew _d1 _eecip _f20 _gy-gencatlg |
||
| 942 |
_2ddc _cBK _n0 |
||
| 999 |
_c5668 _d5668 |
||